000
00301nam a2200133Ia 4500
008
150201s2009 xx 000 0 und d
082
_a
617
_b
S09B
100
_a
BECKER
245
_a
ESSENTIALS OF SURGERY
260
_b
ELSEVIER
_a
DELHI
_c
2009
300
_a
1-840
650
_a
SURGERY
942
_2
ddc
_c
BK
999
_c
1296
_d
1296